Statistics for Random Knowledge

Click here to take the quiz!

General Stats

  • This quiz has been taken 9 times
  • The average score is 8 of 24

Answer Stats

HintAnswer% Correct
what color is the car in ferris buellerred
100%
whos the drummer for blink182travis barker
83%
who is the singer for nirvanakurt cobain
67%
whos the singer for my chemical romancegerard way
50%
who sings purple hazejimi hendrix
50%
what is carls nickname when he was dealing gunswhite boy carl
50%
what animal was itbear
33%
what was it missingeye
33%
who in shameless wakes up canadafrank
33%
whos the guitarist for metallicakirk hammett
33%
whos blonde problematic,and is in love with a"emo girl"machine gun kelly
33%
what color was the plush in walters poolpink
33%
kyles brother is whatcanadian
17%
what ice cream is named after abovecherry garcia
17%
which breaking bad character makes his own beerhank
17%
what did frank say when he got arrested in the country he woke up inhow the hell did i end up in canada i hate f canada
17%
who chopped his finger off with a axejerry garcia
17%
whos the bartender in shamelesskevin
17%
whos the drummer for metallicalars ulrich
17%
who is carls mentor(hes a cop)luther
17%
who is trying to beat up ian in season 1mickey
17%
where did it come fromplane crash
17%
whos the lawyer in breaking badsaul goodman
17%
who brought him theresteve
17%

Score Distribution

Percentile by Number Answered

Percent of People with Each Score

Your Score History

You have not taken this quiz